Environmental impact of brick, stone and concrete (Record no. 115659)
[ view plain ]
| 000 -LEADER | |
|---|---|
| fixed length control field | 01406cam a22003255a 4500 |
| 001 - CONTROL NUMBER | |
| control field | L159065 |
| 008 - FIXED-LENGTH DATA ELEMENTS--GENERAL INFORMATION | |
| fixed length control field | 121121s2013 xxko f 000 0 eng d |
| 020 ## - INTERNATIONAL STANDARD BOOK NUMBER | |
| International Standard Book Number | 9781848063204 |
| 035 ## - SYSTEM CONTROL NUMBER | |
| System control number | (Sirsi) u159065 |
| 041 0# - LANGUAGE CODE | |
| Language code of text/sound track or separate title | eng |
| 050 04 - LIBRARY OF CONGRESS CALL NUMBER | |
| Classification number | 691 |
| 100 1# - MAIN ENTRY--PERSONAL NAME | |
| Personal name | Albury, Kim |
| 245 00 - TITLE STATEMENT | |
| Title | Environmental impact of brick, stone and concrete |
| 260 ## - PUBLICATION, DISTRIBUTION, ETC. | |
| Place of publication, distribution, etc. | Watford |
| Name of publisher, distributor, etc. | BRE |
| Date of publication, distribution, etc. | 2013 |
| 300 ## - PHYSICAL DESCRIPTION | |
| Extent | 16p. |
| Other physical details | ill. |
| Dimensions | 30cm. |
| 490 #0 - SERIES STATEMENT | |
| Series statement | BRE |
| Volume/sequential designation | (FB 58) |
| 520 ## - SUMMARY, ETC. | |
| Summary, etc. | Reviews how brick, stone and concrete materials have been assessed within The Green Guide to Specification, including the application of the Environmental Profiles methodology, which underlines Green Guide data. The way in which brick, stone and concrete are addressed within building-level environmental assessment schemes such as BREEAM and the Code for Sustainable Homes is also explained. Gives a general understanding of the significant benefits and impacts of brick, stone and concrete products over their whole life cycle and helps to identify opportunities for improvements to their environmental performance. |
| 521 ## - TARGET AUDIENCE NOTE | |
| Target audience note | Advanced |
| 590 ## - LOCAL NOTE (RLIN) | |
| Local note | KA |
| 650 24 - SUBJECT ADDED ENTRY--TOPICAL TERM | |
| Topical term or geographic name entry element | ENVIRONMENTAL ASSESSMENT |
| 650 24 - SUBJECT ADDED ENTRY--TOPICAL TERM | |
| Topical term or geographic name entry element | CONCRETE |
| 650 24 - SUBJECT ADDED ENTRY--TOPICAL TERM | |
| Topical term or geographic name entry element | BRICK |
| 650 24 - SUBJECT ADDED ENTRY--TOPICAL TERM | |
| Topical term or geographic name entry element | STONE |
| 651 #4 - SUBJECT ADDED ENTRY--GEOGRAPHIC NAME | |
| Geographic name | United Kingdom |
| Chronological subdivision | |
| 690 ## - LOCAL SUBJECT ADDED ENTRY--TOPICAL TERM (OCLC, RLIN) | |
| Topical term or geographic name as entry element | Building materials and defects |
| 690 ## - LOCAL SUBJECT ADDED ENTRY--TOPICAL TERM (OCLC, RLIN) | |
| Topical term or geographic name as entry element | Environment |
| 9 (RLIN) | 6238 |
| 700 1# - ADDED ENTRY--PERSONAL NAME | |
| Personal name | Franklin, Emma |
| 700 1# - ADDED ENTRY--PERSONAL NAME | |
| Personal name | Andreson, Jane |
| 942 ## - ADDED ENTRY ELEMENTS (KOHA) | |
| Suppress in OPAC | 0 |
| Withdrawn status | Lost status | Source of classification or shelving scheme | Damaged status | Not for loan | Home library | Current library | Shelving location | Date acquired | Total Checkouts | Full call number | Barcode | Date last seen | Copy number | Price effective from | Koha item type |
|---|---|---|---|---|---|---|---|---|---|---|---|---|---|---|---|
| Dewey Decimal Classification | London | London | Folio | 24/12/2015 | F691 ALL | 30078836 | 06/08/2019 | 1 | 06/08/2019 | Book |